<?xml version="1.0" encoding="UTF-8"?>
<record
    xmlns:xsi="http://www.w3.org/2001/XMLSchema-instance"
    xsi:schemaLocation="http://www.loc.gov/MARC21/slim http://www.loc.gov/standards/marcxml/schema/MARC21slim.xsd"
    xmlns="http://www.loc.gov/MARC21/slim">

  <leader>04313njm a2200601Ia 4500</leader>
  <controlfield tag="001">85579</controlfield>
  <controlfield tag="003">IT-RoPAU</controlfield>
  <controlfield tag="005">20220918181125.0</controlfield>
  <controlfield tag="008">131025s9999    xx            000 0 und d</controlfield>
  <datafield tag="040" ind1=" " ind2=" ">
    <subfield code="a">IT-RoPAU</subfield>
  </datafield>
  <datafield tag="040" ind1=" " ind2=" ">
    <subfield code="c">IT-RoPAU</subfield>
  </datafield>
  <datafield tag="041" ind1=" " ind2=" ">
    <subfield code="a">ITALIANO</subfield>
  </datafield>
  <datafield tag="999" ind1=" " ind2=" ">
    <subfield code="c">100090</subfield>
    <subfield code="d">100090</subfield>
  </datafield>
  <datafield tag="999" ind1=" " ind2=" ">
    <subfield code="b">n.d.</subfield>
  </datafield>
  <datafield tag="100" ind1=" " ind2=" ">
    <subfield code="a">AA.VV.</subfield>
    <subfield code="9">794</subfield>
  </datafield>
  <datafield tag="100" ind1=" " ind2=" ">
    <subfield code="e">Autore musica</subfield>
    <subfield code="9">26540</subfield>
  </datafield>
  <datafield tag="100" ind1=" " ind2=" ">
    <subfield code="g">Codice autore musica SPICS: 12000</subfield>
    <subfield code="9">796</subfield>
  </datafield>
  <datafield tag="245" ind1=" " ind2=" ">
    <subfield code="a">Sanremo '90</subfield>
  </datafield>
  <datafield tag="250" ind1=" " ind2=" ">
    <subfield code="a">1a ed.</subfield>
  </datafield>
  <datafield tag="260" ind1=" " ind2=" ">
    <subfield code="a">MILANO</subfield>
  </datafield>
  <datafield tag="260" ind1=" " ind2=" ">
    <subfield code="b">FIVE RECORD</subfield>
    <subfield code="c">1990 [1a Ed.:1990 - Ed. Lingua Orig.: 1990]</subfield>
  </datafield>
  <datafield tag="300" ind1=" " ind2=" ">
    <subfield code="a">DISCO</subfield>
  </datafield>
  <datafield tag="300" ind1=" " ind2=" ">
    <subfield code="c">58 minuti (Testo: 0 pag.)</subfield>
  </datafield>
  <datafield tag="500" ind1=" " ind2=" ">
    <subfield code="a">Musica leggera. Canzone italiana. Canzoni presentate al Festival di Sanremo 1990</subfield>
  </datafield>
  <datafield tag="505" ind1=" " ind2=" ">
    <subfield code="a">Uomini soli [(I Pooh) (5:00)] - Bisognerebbe non pensare che a te [(Caselli Caterina) (5:00)] - Che donne saremo [(Lipstick) (5:00)] - Cielo [(Orixas) (4:00)] - Un cielo che si muove [(Lijao) (4:00)] - Per curiosit&#xE0; [(Della Rosa Maurizio) (4:00)] - I Promised Myself [(Kamen Nick) (4:00)] - A [(Salvi Francesco) (4:00)] - Angel of the Night [(Bridgewater Dee Dee) (5:00)] - Io e mio padre [(Di Michele M.G.) (4:00)] - We Almost Go It Together [(Tikaram Tanita) (5:00)] - Novecento Aufwiedersehen [(Bennato Eugenio) (5:00)] - Notte di strada [(Radio Bonn) (5:00)] - This Old Heart of Mine [(Stewart Rod) (5:00)]</subfield>
  </datafield>
  <datafield tag="650" ind1=" " ind2=" ">
    <subfield code="a">CANZONE ITALIAN [DISCHI]</subfield>
    <subfield code="e">Codice MATERIA SPICS: 9950</subfield>
    <subfield code="9">26541</subfield>
  </datafield>
  <datafield tag="700" ind1=" " ind2=" ">
    <subfield code="a">Negrini V.</subfield>
    <subfield code="d">Codice autore musica SPICS: 22466</subfield>
    <subfield code="e">Autore musica</subfield>
    <subfield code="p">Uomini soli - Che donne saremo - Angel of the Night</subfield>
    <subfield code="9">26542</subfield>
  </datafield>
  <datafield tag="700" ind1=" " ind2=" ">
    <subfield code="a">Facchinetti C.</subfield>
    <subfield code="d">Codice autore testo/musica SPICS: 22465</subfield>
    <subfield code="e">Autore testo/musica</subfield>
    <subfield code="p">Uomini soli - Angel of the Night</subfield>
    <subfield code="9">26543</subfield>
  </datafield>
  <datafield tag="700" ind1=" " ind2=" ">
    <subfield code="a">Fabrizio Maurizio</subfield>
    <subfield code="d">Codice autore musica SPICS: 13247</subfield>
    <subfield code="e">Autore musica</subfield>
    <subfield code="p">Bisognerebbe non pensare che a te</subfield>
    <subfield code="9">26544</subfield>
  </datafield>
  <datafield tag="700" ind1=" " ind2=" ">
    <subfield code="a">Morra Guido</subfield>
    <subfield code="d">Codice autore testo/musica SPICS: 21684</subfield>
    <subfield code="e">Autore testo/musica</subfield>
    <subfield code="p">Bisognerebbe non pensare che a te</subfield>
    <subfield code="9">26545</subfield>
  </datafield>
  <datafield tag="700" ind1=" " ind2=" ">
    <subfield code="a">Tansini M.</subfield>
    <subfield code="d">Codice autore testo/musica SPICS: 18191</subfield>
    <subfield code="e">Autore testo/musica</subfield>
    <subfield code="p">Che donne saremo</subfield>
    <subfield code="9">26546</subfield>
  </datafield>
  <datafield tag="700" ind1=" " ind2=" ">
    <subfield code="a">Daniele Pino</subfield>
    <subfield code="d">Codice autore testo/musica SPICS: 10845</subfield>
    <subfield code="e">Autore testo/musica</subfield>
    <subfield code="p">Cielo</subfield>
    <subfield code="9">26547</subfield>
  </datafield>
  <datafield tag="700" ind1=" " ind2=" ">
    <subfield code="a">Cassano Piero</subfield>
    <subfield code="d">Codice autore musica SPICS: 18807</subfield>
    <subfield code="e">Autore musica</subfield>
    <subfield code="p">Un cielo che si muove</subfield>
    <subfield code="9">26548</subfield>
  </datafield>
  <datafield tag="700" ind1=" " ind2=" ">
    <subfield code="a">Coglia A.</subfield>
    <subfield code="d">Codice autore SPICS: 30199</subfield>
    <subfield code="e">Autore</subfield>
    <subfield code="p">Un cielo che si muove</subfield>
    <subfield code="9">26549</subfield>
  </datafield>
  <datafield tag="700" ind1=" " ind2=" ">
    <subfield code="a">Visentini L.</subfield>
    <subfield code="d">Codice autore testo/musica SPICS: 30200</subfield>
    <subfield code="e">Autore testo/musica</subfield>
    <subfield code="p">Un cielo che si muove</subfield>
    <subfield code="9">26550</subfield>
  </datafield>
  <datafield tag="700" ind1=" " ind2=" ">
    <subfield code="a">Luberti Marco</subfield>
    <subfield code="d">Codice autore SPICS: 23581</subfield>
    <subfield code="e">Autore</subfield>
    <subfield code="p">Per curiosit&#xE0;</subfield>
    <subfield code="9">26551</subfield>
  </datafield>
  <datafield tag="700" ind1=" " ind2=" ">
    <subfield code="a">Nazzaro M.</subfield>
    <subfield code="d">Codice autore testo/musica SPICS: 30202</subfield>
    <subfield code="e">Autore testo/musica</subfield>
    <subfield code="p">Per curiosit&#xE0;</subfield>
    <subfield code="9">26552</subfield>
  </datafield>
  <datafield tag="700" ind1=" " ind2=" ">
    <subfield code="a">Kamen Nick</subfield>
    <subfield code="d">Codice autore testo/musica SPICS: 30204</subfield>
    <subfield code="e">Autore testo/musica</subfield>
    <subfield code="p">I Promised Myself</subfield>
    <subfield code="9">26553</subfield>
  </datafield>
  <datafield tag="700" ind1=" " ind2=" ">
    <subfield code="a">Turati</subfield>
    <subfield code="d">Codice autore musica SPICS: 30205</subfield>
    <subfield code="e">Autore musica</subfield>
    <subfield code="p">A</subfield>
    <subfield code="9">26554</subfield>
  </datafield>
  <datafield tag="700" ind1=" " ind2=" ">
    <subfield code="a">Salvi Francesco</subfield>
    <subfield code="d">Codice autore SPICS: 26686</subfield>
    <subfield code="e">Autore</subfield>
    <subfield code="p">A</subfield>
    <subfield code="9">26555</subfield>
  </datafield>
  <datafield tag="700" ind1=" " ind2=" ">
    <subfield code="a">Melloni</subfield>
    <subfield code="d">Codice autore testo/musica SPICS: 30206</subfield>
    <subfield code="e">Autore testo/musica</subfield>
    <subfield code="p">A</subfield>
    <subfield code="9">26556</subfield>
  </datafield>
  <datafield tag="700" ind1=" " ind2=" ">
    <subfield code="a">Bridgewater Dee Dee</subfield>
    <subfield code="d">Codice autore testo/musica SPICS: 30207</subfield>
    <subfield code="e">Autore testo/musica</subfield>
    <subfield code="p">Angel of the Night</subfield>
    <subfield code="9">26557</subfield>
  </datafield>
  <datafield tag="700" ind1=" " ind2=" ">
    <subfield code="a">Di Michele M.G.</subfield>
    <subfield code="d">Codice autore testo/musica SPICS: 26687</subfield>
    <subfield code="e">Autore testo/musica</subfield>
    <subfield code="p">Io e mio padre</subfield>
    <subfield code="9">26558</subfield>
  </datafield>
  <datafield tag="700" ind1=" " ind2=" ">
    <subfield code="a">Tikaram Tanita</subfield>
    <subfield code="d">Codice autore testo/musica SPICS: 29901</subfield>
    <subfield code="e">Autore testo/musica</subfield>
    <subfield code="p">We Almost Go It Together</subfield>
    <subfield code="9">26559</subfield>
  </datafield>
  <datafield tag="700" ind1=" " ind2=" ">
    <subfield code="a">D'Angi&#xF2; Carlo</subfield>
    <subfield code="d">Codice autore musica SPICS: 10850</subfield>
    <subfield code="e">Autore musica</subfield>
    <subfield code="p">Novecento Aufwiedersehen</subfield>
    <subfield code="9">26560</subfield>
  </datafield>
  <datafield tag="700" ind1=" " ind2=" ">
    <subfield code="a">Esposito Tony</subfield>
    <subfield code="d">Codice autore SPICS: 1121</subfield>
    <subfield code="e">Autore</subfield>
    <subfield code="p">Novecento Aufwiedersehen</subfield>
    <subfield code="9">26561</subfield>
  </datafield>
  <datafield tag="700" ind1=" " ind2=" ">
    <subfield code="a">Bennato Eugenio</subfield>
    <subfield code="d">Codice autore testo/musica SPICS: 10753</subfield>
    <subfield code="e">Autore testo/musica</subfield>
    <subfield code="p">Novecento Aufwiedersehen</subfield>
    <subfield code="9">26562</subfield>
  </datafield>
  <datafield tag="700" ind1=" " ind2=" ">
    <subfield code="a">Carta M.</subfield>
    <subfield code="d">Codice autore musica SPICS: 30209</subfield>
    <subfield code="e">Autore musica</subfield>
    <subfield code="p">Notte di strada</subfield>
    <subfield code="9">26563</subfield>
  </datafield>
  <datafield tag="700" ind1=" " ind2=" ">
    <subfield code="a">Iovino F.</subfield>
    <subfield code="d">Codice autore testo/musica SPICS: 30210</subfield>
    <subfield code="e">Autore testo/musica</subfield>
    <subfield code="p">Notte di strada</subfield>
    <subfield code="9">26564</subfield>
  </datafield>
  <datafield tag="700" ind1=" " ind2=" ">
    <subfield code="a">Moy S.</subfield>
    <subfield code="d">Codice autore musica SPICS: 22321</subfield>
    <subfield code="e">Autore musica</subfield>
    <subfield code="p">This Old Heart of Mine</subfield>
    <subfield code="9">26565</subfield>
  </datafield>
  <datafield tag="700" ind1=" " ind2=" ">
    <subfield code="a">Dozier Lamont</subfield>
    <subfield code="d">Codice autore SPICS: 25672</subfield>
    <subfield code="e">Autore</subfield>
    <subfield code="p">This Old Heart of Mine</subfield>
    <subfield code="9">26566</subfield>
  </datafield>
  <datafield tag="700" ind1=" " ind2=" ">
    <subfield code="a">Holland B.</subfield>
    <subfield code="d">Codice autore testo/musica SPICS: 30212</subfield>
    <subfield code="e">Autore testo/musica</subfield>
    <subfield code="p">This Old Heart of Mine</subfield>
    <subfield code="9">26567</subfield>
  </datafield>
  <datafield tag="942" ind1=" " ind2=" ">
    <subfield code="c">MD</subfield>
    <subfield code="2">ddc</subfield>
  </datafield>
  <datafield tag="952" ind1=" " ind2=" ">
    <subfield code="0">0</subfield>
    <subfield code="1">0</subfield>
    <subfield code="4">0</subfield>
    <subfield code="6">85579_000000000000000</subfield>
    <subfield code="7">1</subfield>
    <subfield code="a">SPICS</subfield>
    <subfield code="b">SPICS</subfield>
    <subfield code="d">2013-10-25</subfield>
    <subfield code="l">0</subfield>
    <subfield code="o">85579</subfield>
    <subfield code="r">2013-10-25 00:00:00</subfield>
    <subfield code="w">2013-10-25</subfield>
    <subfield code="y">MD</subfield>
    <subfield code="z">Progr. Ins.: 21232 / N.Vol.: 1 / Copie: 1 - Copia rara: n.d. / date import: 01.01.2014 - By Epidotti, Trombetti, Vaglietti</subfield>
  </datafield>
</record>
